| 000 | 00633nam a22001577a 4500 | ||
|---|---|---|---|
| 003 | OSt | ||
| 005 | 20151020133208.0 | ||
| 008 | 151020b xxu||||| |||| 00| 0 eng d | ||
| 040 | _cRUA | ||
| 082 | _aAVM 2010 B091 Or.1 | ||
| 100 |
_92500 _bVAN, VICHET. |
||
| 245 | _aThe study on breastfeed sow raising in sandek commune batheay district, kampong cham province, ការសិក្សាពីការចិញ្ចឹមមេជ្រូក នៅក្នុងស្រុកបាធាយ ខេត្តកំពង់ចាម. | ||
| 260 |
_aphnom phen _bRUA _c2010 |
||
| 300 |
_aVIII,52p. _bill. _c29cm. |
||
| 942 |
_2ddc _cAVM |
||
| 999 |
_c2352 _d2352 |
||